| 000 | 00452nam a2200181Ia 4500 | ||
|---|---|---|---|
| 001 | 8411 | ||
| 005 | 20260306160607.0 | ||
| 008 | 260306t1995||||xx |||||||||||||| ||spa|| | ||
| 041 | _aESP | ||
| 082 |
_a370.8 _bP77 |
||
| 100 |
_aPontificia Universidad Católica del Perú _eAUT |
||
| 245 | 0 | _aDidáctica de la educación superior | |
| 260 | _c1995 | ||
| 300 |
_a92 páginas : _c28 cm. |
||
| 650 | _aGEN | ||
| 654 | _aCED | ||
| 942 |
_cLIB _dJUS _fJUS _2ddc _n |
||
| 999 |
_c8411 _d8411 |
||